000 00961nam a22002537a 4500
005 20170124103146.0
010 _aA-820047
020 _c100.00
035 _aA-820047
037 _bCen Lib/Ret
040 _aDPL
_bHN
082 _a230.41
_bभैयाप्रे
100 _aभैया
_941420
245 _aप्रेम प्रवाह /
_cभैया
246 _aPrem pravah /
_bby Bhaiyya
260 _aकलकत्ता
_bआनन्द धन कृपा संध
270 _a1, आचार्य जगदीश चन्द्र बोसे रोड
_bकलकत्ता
_e700020
300 _a308पृ.
_c21सेमी(सजिल्द)
650 _aहिंदी साहित्य
_986017
650 _aहिंदी निबन्ध
_986018
650 _aHindi literature
_986019
650 _aHindi Essay
_986020
942 _2ddc
_cHN
_h230.41
_mभैयाप्रे
999 _c119641
_d119641